000 01499nam a2200361 c 4500
003 BLK
005 20221117130140.0
008 180409b bul|||||r ||||||| ||bul||
010 _aKNG00102881000
020 _a0-7513-8748-7
_bиздат.: Дорлинг Киндерсли Лтд
040 _aBLK
041 _aRUS
_cRUS
080 _aСредства на водния транспорт. Плавателни съдове. Корабостроене
_b629.12
_x(038)
_z629.12(038)
700 1 _aКитаина, Татьяна
_eпер. с англ.
_979374
139 _aКорабли и мореплавание
_bК 85
245 1 0 _aКорабли и мореплавание
_bНаглядный словарь
_cпер. с англ. Татьяна Китаина.
257 _aGBR
260 Лондон ; Москва
_bДорлинг Киндерсли Лтд
_c2000
_fСловения : Тлачарне ББ
300 _a64 с.
_bс цв. ил.
_c31 см
380 _a62
490 1 _aСерия наглядных словарей
500 _aОриг. загл. The Visual Dictionary of Ships and Sailing. - Офс. изд.
650 4 _aКораби - справочници
_9276003
650 4 _aТранспорт, морски
_9247777
653 _aкораби
653 _aречници
653 _aморски транспорт
852 _aЦб ІІ 11455
856 4 _qpdf
_u
856 4 _qpdf
_u
942 _cKNG
_n0
_02
944 _aCR
_c01.01.2000
_kAB_DOS
944 _aED
_c15.01.2003
_k
999 _c97963
_d97963